| 000 | 00464 a2200169 4500 | ||
|---|---|---|---|
| 003 | OSt | ||
| 005 | 20231121134214.0 | ||
| 008 | 231121b |||||||| |||| 00| 0 eng d | ||
| 020 | _a8187134771 | ||
| 040 | _coclc | ||
| 082 |
_a612.014 _bROY/M |
||
| 100 |
_aRoy, R N _95182 |
||
| 245 |
_aMedical Biophysics / _cR N Roy |
||
| 260 |
_aKolkata: _bBooks and allied, _c2010. |
||
| 300 | _a441p | ||
| 942 |
_2ddc _cBK _h612.014 _iROY/M _k612.014 _mROY/M |
||
| 999 |
_c43675 _d43675 |
||